000 00595nam a2200217Ia 4500
005 20250508165431.0
008 008 250505s9999 xx 000 0 eng d
020 _a978-0-415-69758-3
037 _aTextBook
040 _aFEDL
_beng
_cFEDL
041 _aeng
_2eng
084 _a379.154, ADA/R
_qFEDL
100 _aAdams Paul
245 0 _aPolicy and education
260 _aLondon, UK
_bRoutledge
_c2014
300 _aix, 180p.
365 _aGBP
_b21.99
490 _aFoundation of Education Studies Series
942 _cTB
_h379.154, ADA/R
999 _c1395080
_d1395080